Routeing democracy in the Himalayas : (Record no. 76528)

MARC details
000 -LEADER
fixed length control field 00606nam a22001937a 4500
005 - DATE AND TIME OF LATEST TRANSACTION
control field 20130905110633.0
010 ## - LCCN (DPL NO)
LC control number ENG-107576
020 ## - INTERNATIONAL STANDARD BOOK NUMBER
International Standard Book Number 9780415811996
Terms of availability 795.00
035 ## - SYSTEM CONTROL NUMBER
System control number EN-91109
037 ## - SOURCE OF ACQUISITION
Source of stock number/acquisition DBAD/PUB
245 ## - TITLE STATEMENT
Title Routeing democracy in the Himalayas :
Statement of responsibility, etc edited by Vibha Arora [and] N.Jayaram
Remainder of title experiment and experience /
260 ## - PUBLICATION, DISTRIBUTION, ETC. (IMPRINT)
Place of publication, distribution, etc New Delhi
Name of publisher, distributor, etc Routledge
Date of publication, distribution, etc 2013
270 ## - ADDRESS
Address 912, Tolstoy House, 15-17 Tolstoy Marg, Connaught Place
City New Delhi
Postal code 110001
300 ## - PHYSICAL DESCRIPTION
Extent xv,303p.
Dimensions 23cm(Hb)
500 ## - GENERAL NOTE
General note includes index
700 ## - ADDED ENTRY--PERSONAL NAME
Dates associated with a name Arora, Vibha
700 ## - ADDED ENTRY--PERSONAL NAME
Dates associated with a name Jayaram, N
942 ## - ADDED ENTRY ELEMENTS (KOHA)
Source of classification or shelving scheme Dewey Decimal Classification
Item type English Books
Call number suffix ROU
Holdings
Withdrawn status Lost status Not for loan Collection code Home library Current library Date acquired Source of acquisition Cost, normal purchase price Full call number Barcode Copy number Cost, replacement price Koha item type
    Not For Loan Non-fiction D.B.Act.Division D.B.Act.Division 10/06/2013 DBAD / PUB 795.00 ROU EN-91109 1 795.00 English Books

© Delhi Public Library
Hit Counter
free hit counter